Albay : (Record no. 6578)

MARC details
000 -LEADER
fixed length control field 00652nam a22001937a 4500
003 - CONTROL NUMBER IDENTIFIER
control field OSt
005 - DATE AND TIME OF LATEST TRANSACTION
control field 20251128162134.0
008 - FIXED-LENGTH DATA ELEMENTS--GENERAL INFORMATION
fixed length control field 251128b |||||||| |||| 00| 0 eng d
020 ## - INTERNATIONAL STANDARD BOOK NUMBER
International Standard Book Number 945.61 G377a 2011
040 ## - CATALOGING SOURCE
Original cataloging agency DWC-Main Lib.
Transcribing agency OC
082 ## - DEWEY DECIMAL CLASSIFICATION NUMBER
Classification number SC. 945.61 G377a 2011
100 ## - MAIN ENTRY--PERSONAL NAME
Personal name Gerona, Danilo M.
245 ## - TITLE STATEMENT
Title Albay :
Remainder of title winding down the historic abaca trail/
Statement of responsibility, etc. Danilo M. Gerona
260 ## - PUBLICATION, DISTRIBUTION, ETC.
Place of publication, distribution, etc. Albay, Philippines :
Name of publisher, distributor, etc. Provincial Government of Albay, danilo M. Gerona,
Date of publication, distribution, etc. c2011.
300 ## - PHYSICAL DESCRIPTION
Extent 313 p. :
Other physical details ill. ;
Dimensions 24 cm.
500 ## - GENERAL NOTE
General note Includes bibliographical references.
650 ## - SUBJECT ADDED ENTRY--TOPICAL TERM
Topical term or geographic name entry element 1. Albay, Bicol (Region V)-History.
942 ## - ADDED ENTRY ELEMENTS (KOHA)
Source of classification or shelving scheme Dewey Decimal Classification
Koha item type Special Collection
Call number prefix SC.
Suppress in OPAC No
952 ## - LOCATION AND ITEM INFORMATION (KOHA)
--
952 ## - LOCATION AND ITEM INFORMATION (KOHA)
--
952 ## - LOCATION AND ITEM INFORMATION (KOHA)
--
952 ## - LOCATION AND ITEM INFORMATION (KOHA)
--
Holdings
Withdrawn status Lost status Source of classification or shelving scheme Damaged status Not for loan Home library Current library Shelving location Date acquired Source of acquisition Total Checkouts Full call number Barcode Date last seen Copy number Price effective from Koha item type Uniform Resource Identifier
    Dewey Decimal Classification     College Library College Library Special Collection 11/03/2011 Donation   SC. 945.61 G377a 2011 CL48958 11/28/2025 c1 11/28/2025 SC
    Dewey Decimal Classification     College Library College Library Special Collection 11/03/2011 Donation   SC. 945.61 G377a 2011 CL48957 11/28/2025 c2 11/28/2025 SC
    Dewey Decimal Classification     College Library College Library Special Collection 11/03/2011 Donation   SC. 945.61 G377a 2011 CL48956 11/28/2025 c3 11/28/2025 SC
    Dewey Decimal Classification     College Library College Library Special Collection 11/03/2011 Donation   SC. 945.61 G377a 2011 CL48955 11/28/2025 c4 11/28/2025 SC